Predatori : sesso e violenza nelle mafie /

Conoscere la sessualità delle mafie, sostiene Celeste Costantino, significa scoprirne le fragilità nascoste. Nel suo saggio, l’autrice indaga il legame tra cultura patriarcale e potere mafioso, raccontando storie di donne e adolescenti vittime di abusi e silenzi imposti. Attraverso queste testimonia...

সম্পূর্ণ বিবরণ

সংরক্ষণ করুন:
গ্রন্থ-পঞ্জীর বিবরন
প্রধান লেখক: Costantino, Celeste (লেখক)
অন্যান্য লেখক: Nicaso, Antonio (ভূমিকা রচয়িতা, ইত্যাদি)
বিন্যাস: গ্রন্থ
ভাষা:ইতালিয়
প্রকাশিত: Roma : Fandango libri, ©2025
মালা:Documenti ; 160
ট্যাগগুলো: ট্যাগ যুক্ত করুন
কোনো ট্যাগ নেই, প্রথমজন হিসাবে ট্যাগ করুন!

MARC

LEADER 00000nam a22000007i 4500
001 IT\ICCU\TO0\2170456
003 ItRI
005 20260310110147.0
008 251209s2025 it |||||| ||||| |||||c
020 |a 9791256361304 
040 |b ita  |c ct 
041 7 |a ita  |2 ISO-639-2 
100 1 |a Costantino, Celeste  |0 IT\ICCU\URBV\394016  |4 aut 
240 1 0 |a Predatori : sesso e violenza nelle mafie  |9 Costantino, Celeste 
245 1 0 |a Predatori :  |b sesso e violenza nelle mafie /  |c Celeste Costantino ; prefazione di Antonio Nicaso. 
260 |a Roma :  |b Fandango libri,  |c ©2025 
300 |a 217 p. ;  |c 21 cm 
520 |a Conoscere la sessualità delle mafie, sostiene Celeste Costantino, significa scoprirne le fragilità nascoste. Nel suo saggio, l’autrice indaga il legame tra cultura patriarcale e potere mafioso, raccontando storie di donne e adolescenti vittime di abusi e silenzi imposti. Attraverso queste testimonianze, il libro smonta il mito dell’onore mafioso e mostra la brutalità e l’ipocrisia di organizzazioni che si fingono custodi di valori, ma fondano il loro dominio su violenza, coercizione e sfruttamento. 
700 1 |a Nicaso, Antonio  |0 IT\ICCU\CFIV\110873  |4 aui 
830 0 |a Documenti ;  |v 160  |0 IT\ICCU\TO0\1035961 
942 |2 ddc  |c BK 
999 |c 28901  |d 28901